000 00944nam a2200265 a 4500
001 25949
003 CO-ViMGA
008 141112s2004 ck r 000 u spa d
015 _ack - 2011 - xxxx
020 _a9789588371528
040 _aCO-ViMGA
_bspa
_cCO-ViMGA
082 0 4 _a344.86102 Ch18
100 1 _aChavarro Cadena, Jorge Enrique
_940491
110 _aColombia
_940492
240 _aLeyes, etc.
245 1 0 _aSistema de seguridad social integral :
_bcomentarios, concordancias, doctrina, jurisprudencia /
_cJorge Enrique Chavarro Cadena
260 _aBogotá :
_bNueva Legislación,
_cc2011
300 _axcv, 1159 p. ; 24 cm
504 _aBibliografía : p. 1157 - 1159
598 _aNEW - GRAL
650 1 4 _aSeguridad social - Legislación - Colombia
_948350
700 1 _aChavarro Cadena, Jorge Enrique
_940491
942 _2ddc
_cBK
990 _aGrupo Editorial Nueva Legislación Ltda. 2 ejemplares 21 18/07/2011 n a768823
999 _c33185
_d33185